Clinical massage in the healthcare setting / (Record no. 4828)
[ view plain ]
| 000 -LEADER | |
|---|---|
| fixed length control field | 00898cam a2200253 a 4500 |
| 001 - CONTROL NUMBER | |
| control field | 17253523 |
| 005 - DATE AND TIME OF LATEST TRANSACTION | |
| control field | 20250314185304.0 |
| 007 - PHYSICAL DESCRIPTION FIXED FIELD--GENERAL INFORMATION | |
| fixed length control field | vd cvauzu |
| 008 - FIXED-LENGTH DATA ELEMENTS--GENERAL INFORMATION | |
| fixed length control field | 120412s2008 moua b 001 0 eng c |
| 020 ## - INTERNATIONAL STANDARD BOOK NUMBER | |
| International Standard Book Number | 9780323039963 |
| 020 ## - INTERNATIONAL STANDARD BOOK NUMBER | |
| International Standard Book Number | 0323039960 |
| 050 00 - LIBRARY OF CONGRESS CALL NUMBER | |
| Classification number | RM721 |
| Item number | .F7478 2008 |
| 100 1# - MAIN ENTRY--PERSONAL NAME | |
| Personal name | Fritz, Sandy, |
| Dates associated with a name | 1953- |
| 245 10 - TITLE STATEMENT | |
| Title | Clinical massage in the healthcare setting / |
| Statement of responsibility, etc. | Sandy Fritz, Leon Chaitow, Glenn M. Hymel ; with special contributions by W. Randy Snyder ; [foreword by Maria Hernandez-Reif]. |
| 260 ## - PUBLICATION, DISTRIBUTION, ETC. | |
| Place of publication, distribution, etc. | St. Louis, Mo. : |
| Name of publisher, distributor, etc. | Mosby/Elsevier, |
| Date of publication, distribution, etc. | c2008. |
| 300 ## - PHYSICAL DESCRIPTION | |
| Extent | xvii, 827 p. : |
| Other physical details | ill. some color ; |
| Dimensions | 26 cm. + |
| Accompanying material | 1 videodisc (DVD ; 4 3/4 in.) |
| 650 #0 - SUBJECT ADDED ENTRY--TOPICAL TERM | |
| Topical term or geographic name entry element | Massage therapy. |
| 650 12 - SUBJECT ADDED ENTRY--TOPICAL TERM | |
| Topical term or geographic name entry element | Massage |
| General subdivision | methods. |
| 650 22 - SUBJECT ADDED ENTRY--TOPICAL TERM | |
| Topical term or geographic name entry element | Clinical Medicine |
| General subdivision | methods. |
| 650 22 - SUBJECT ADDED ENTRY--TOPICAL TERM | |
| Topical term or geographic name entry element | Musculoskeletal Diseases |
| General subdivision | therapy. |
| 700 1# - ADDED ENTRY--PERSONAL NAME | |
| Personal name | Chaitow, Leon. |
| 700 1# - ADDED ENTRY--PERSONAL NAME | |
| Personal name | Hymel, Glenn M. |
| 942 ## - ADDED ENTRY ELEMENTS (KOHA) | |
| Source of classification or shelving scheme | Library of Congress Classification |
| Koha item type | Books |
| Suppress in OPAC | No |
| 999 ## - | |
| -- | 4828 |
| -- | 4828 |
| Withdrawn status | Lost status | Source of classification or shelving scheme | Damaged status | Not for loan | Collection | Home library | Current library | Shelving location | Date acquired | Total checkouts | Full call number | Barcode | Date last seen | Copy number | Price effective from | Koha item type |
|---|---|---|---|---|---|---|---|---|---|---|---|---|---|---|---|---|
| Library of Congress Classification | Non-fiction | Science Library (Miotso) | Science Library (Miotso) | General stacks | 03/14/2025 | RM721 .F75 FRI | SLM00004239 | 03/14/2025 | 1 | 03/14/2025 | Books |